The pastor's helpmate / (Record no. 413)
[ view plain ]
| 000 -LEADER | |
|---|---|
| fixed length control field | 01182nam a2200193 a 4500 |
| 003 - CONTROL NUMBER IDENTIFIER | |
| control field | PILC |
| 005 - DATE AND TIME OF LATEST TRANSACTION | |
| control field | 20250123134645.0 |
| 008 - FIXED-LENGTH DATA ELEMENTS--GENERAL INFORMATION | |
| fixed length control field | 060925s1942 xx 00 eng d |
| 010 ## - LIBRARY OF CONGRESS CONTROL NUMBER | |
| LC control number | Acc#993,9630 |
| 040 ## - CATALOGING SOURCE | |
| Transcribing agency | Philippine Baptist Theological Seminary |
| 050 ## - LIBRARY OF CONGRESS CALL NUMBER | |
| Classification number | BV 4395 |
| Item number | M141 1942 |
| 100 10 - MAIN ENTRY--PERSONAL NAME | |
| Personal name | McDaniel, Douglass Scarborough |
| 245 10 - TITLE STATEMENT | |
| Title | The pastor's helpmate / |
| Statement of responsibility, etc. | Douglass Scarborough McDaniel. |
| 260 0# - PUBLICATION, DISTRIBUTION, ETC (IMPRINT) | |
| Place of publication, distribution, etc. | Nashville, TN : |
| Name of publisher, distributor, etc. | Broadman Press, |
| Date of publication, distribution, etc. | c1942. |
| 300 ## - PHYSICAL DESCRIPTION | |
| Extent | 144 p. ; 20 cm. |
| 505 ## - FORMATTED CONTENTS NOTE | |
| Formatted contents note | Before you give your promise -- Some essentials -- First steps together -- Be yourself -- This question of income -- The privacy of the home -- The privacy of the study -- He is always first -- In her tongue is the law of kindness -- Changing pastorates -- The prophet's chamber -- Your children -- Your friends -- Where praise is due -- Your sisters in other churches -- The wife he needs, the mother the children need, the home they all need -- Magnanimity -- Weddings -- Funerals -- Just between ourselves -- A little nonsense -- Facing prosperity -- Facing adversity -- Beside all waters -- The onward journey without him -- |
| 650 ## - SUBJECT ADDED ENTRY--TOPICAL TERM | |
| Topical term or geographic name as entry element | SPOUSES OF CLERGY |
| 942 ## - ADDED ENTRY ELEMENTS (KOHA) | |
| Koha item type | Circulation Books |
| Source of classification or shelving scheme | Library of Congress Classification |
| Withdrawn status | Lost status | Source of classification or shelving scheme | Damaged status | Not for loan | Home library | Current library | Shelving location | Date acquired | Total Checkouts | Full call number | Barcode | Date last seen | Price effective from | Koha item type |
|---|---|---|---|---|---|---|---|---|---|---|---|---|---|---|
| Dewey Decimal Classification | PBTS Library | PBTS Library | Circulation Section | 09/25/2006 | BV 4395 M141 1942 | 993 | 03/16/2026 | 04/02/2015 | Circulation Books | |||||
| Dewey Decimal Classification | PBTS Library | PBTS Library | Circulation Section | 09/25/2006 | BV 4395 M141 1942 | 9630 | 03/16/2026 | 04/02/2015 | Circulation Books |